| 000 | 00336nam a22001217a 4500 | ||
|---|---|---|---|
| 082 |
_a297 _bROH _cM |
||
| 100 |
_aRoohu, Ullah _951120 |
||
| 245 | _aفضیلت مسواک اور حقیقت ٹوتھ پیسٹ | ||
| 260 |
_aKarachi, _bDarul Ishat, _c2008. |
||
| 300 | _a143p. | ||
| 526 |
_a0 _b0 _c0 _d297_000000000000000_ROH |
||
| 942 |
_2ddc _cBK |
||
| 999 |
_c553872 _d553872 |
||